| 000 | 00503nam a22001697a 4500 | ||
|---|---|---|---|
| 999 |
_c18567 _d18567 |
||
| 008 | 201029b xxu||||| |||| 00| 0 eng d | ||
| 020 | _a1292026824 | ||
| 050 |
_aHA29 _b.S67 2014 c.1 |
||
| 100 | _aSprinthall, Richard C. | ||
| 245 |
_aBasic Statistical Analysis _cRichard C. Sprinthall |
||
| 250 |
_a9th ed. _bPearson new international edition |
||
| 260 |
_aEngland _bPearson _c2014 |
||
| 300 | _a641p. | ||
| 650 |
_aSocial sciences _vstatistical methods |
||
| 650 | _aStatistics | ||
| 942 |
_2lcc _cBK |
||